Cinema - images de film #2 - Statistiques

Statistiques générales
  • Ce quiz a été pris 1 103 fois
  • Le résultat moyen est 3 sur 16
Statistiques - réponses
Par images Réponse % Correct
American psycho
94%
Donnie Darko
29%
Sleepy Hollow
29%
Les infiltrés
25%
Sept ans au Tibet
24%
Peur primale
14%
Lord of war
13%
Snatch
11%
Ronin
8%
Mission
6%
Identity
4%
Le règne du feu
4%
The faculty
3%
Slevin
2%
Very bad things
1%
Vorace
0%
Aucun quiz correspondant
Distribution des résultats
% des personnes avec chaque résultat
Percentile par nombre de réponses
Votre historique - résultats
Vous n’avez pas pris ce quiz